000 00611nam a2200121Ia 4500
008 171212s9999 xx 000 0 und d
020 _a9780833088192
100 _aBuryk, Peter;Trail, Thomas E.;Gonzalez, Gabriella C.;Miller, Laura L.;Friedman, Esther M.
245 _cBuryk, Peter;Trail, Thomas E.;Gonzalez, Gabriella C.;Miller, Laura L.;Friedman, Esther M.
_aFederal Educational Assistance Programs Available to Service Members
_bProgram Features and Recommendations for Improved Delivery
260 _bRAND Corporation
_c2015
650 _aBusiness
856 _uhttp://www.jstor.org/stable/10.7249/j.ctt13x1fs6
999 _c352080
_d352080